| 000 | 05567nam a22017057a 4500 | ||
|---|---|---|---|
| 003 | PE-LiUPU | ||
| 005 | 20250813170017.0 | ||
| 008 | 230607b |||||||| |||| 00| 0 spa d | ||
| 020 | _a9580496609 | ||
| 040 |
_aPE-LiUPU _bspa _cPE-LiUPU _dPE-LiUPU _erda |
||
| 082 |
_223 _a658.15 _bM294e |
||
| 100 |
_aManucci, Marcelo _91214 _eautor |
||
| 245 | 1 | 3 |
_aLa Estrategia de los cuatro círculos : _bdiseñar el futuro en la incertidumbre del presente / _cMarcelo Manucci |
| 264 |
_aBogotá : _bGrupo Editorial Norma, _c2008. |
||
| 300 |
_a233 páginas : _bIlustraciones, diagramas ; _c21 centímetros. |
||
| 504 | _aBibliografía: páginas 229-233. | ||
| 505 | _aMirar más allá de la incertidumbre -- Los límites de la realidad corporativa -- El futuro fuera del calendario -- Desafiar las certezas -- La historia de una manzana, un modelo de Newton a Macintosh -- La potencialidad escondida de la incertidumbre -- Metáforas de desconcierto -- La revolución industrial descubre el átomo -- La importancia estratégica de las sutilezas -- de las máquinas a los sistemas complejos -- De la persuasión a la gestión de realidades -- Un mapa para transitar la complejidad del contexto -- Cuatro círculos para abordar la realidad -- Figuras cerradas en un modelo abierto -- Percepciones, el círculo del territorio de acción -- Posiciones, el círculo de los rumbos posibles -- Relaciones, el círculo de la integración de realidades -- Acciones, el circulo de la gestión de realidades -- La dinámica de los cuatro círculos -- Del modelo simple a las formas complejas -- Los cuatro círculos como recurso estratégico -- Los cuatro círculos potenciando recursos individuales -- Los cuatro círculos en el diseño de una tarea grupal -- Los cuatro círculos en la implementación de un equipo estratégico -- Las herramientas complementarias de ejecución -- Análisis de factores estratégicos de intervención -- Definir factores de valoración de la propuesta -- Diseñar factores de valoración para la propuesta -- Gestionar el valor de la propuesta -- Articulación estratégica de los ámbitos de intervención -- Diseño de un mapa de intervención -- Definición de indicadores de evaluación y gestión de vínculos estratégicos -- Definición y aplicación de las variables -- Ejemplo de aplicación y presentación -- Resumen del proceso estratégico -- La construcción de un futuro compartido -- Liderazgo en contextos inestables -- La importancia de las narraciones corporativas -- Diseñar y gestionar significados compartidos -- La estrategia emergente -- Los pasos de un proyecto estratégico emergente -- Bibliografía. | ||
| 526 | _aP203 | ||
| 526 | _aP200 | ||
| 526 | _aSEG65 | ||
| 526 | _aSEG64 | ||
| 526 | _aSEG63 | ||
| 526 | _aSEG62 | ||
| 526 | _aSEG61 | ||
| 526 | _aSEG60 | ||
| 526 | _aSEG59 | ||
| 526 | _aSEG58 | ||
| 526 | _aSEG57 | ||
| 526 | _aSEG56 | ||
| 526 | _aSEG55 | ||
| 526 | _aSEG54 | ||
| 526 | _aSEG53 | ||
| 526 | _aSEG52 | ||
| 526 | _aSEG51 | ||
| 526 | _aSEG50 | ||
| 526 | _aSEG49 | ||
| 526 | _aSEG48 | ||
| 526 | _aSEG47 | ||
| 526 | _aSEG46 | ||
| 526 | _aSEG24 | ||
| 526 | _aSEG23 | ||
| 526 | _aSEG22 | ||
| 526 | _aSEG21 | ||
| 526 | _aSEG20 | ||
| 526 | _aSEG19 | ||
| 526 | _aSEG18 | ||
| 526 | _aSEG17 | ||
| 526 | _aSEG16 | ||
| 526 | _aSEG14 | ||
| 526 | _aSEG13 | ||
| 526 | _aSEG12 | ||
| 526 | _aSEG11 | ||
| 526 | _aSEG10 | ||
| 526 | _aSEG09 | ||
| 526 | _aSEG06 | ||
| 526 | _aSEG05 | ||
| 526 | _aSEG04 | ||
| 526 | _aSEG03 | ||
| 526 | _aSEG02 | ||
| 526 | _aSEG68 | ||
| 526 | _aSEG66 | ||
| 526 | _aSEG45 | ||
| 526 | _aSEG25 | ||
| 526 | _aSEG01 | ||
| 526 | _aP163 | ||
| 526 | _aP162 | ||
| 526 | _aP161 | ||
| 526 | _aP160 | ||
| 526 | _aP159 | ||
| 526 | _aP158 | ||
| 526 | _aP157 | ||
| 526 | _aP156 | ||
| 526 | _aP155 | ||
| 526 | _aP154 | ||
| 526 | _aP153 | ||
| 526 | _aP152 | ||
| 526 | _aP151 | ||
| 526 | _aP150 | ||
| 526 | _aP149 | ||
| 526 | _aP142 | ||
| 526 | _aP141 | ||
| 526 | _aP140 | ||
| 526 | _aP139 | ||
| 526 | _aP138 | ||
| 526 | _aP137 | ||
| 526 | _aP132 | ||
| 526 | _aP131 | ||
| 526 | _aP130 | ||
| 526 | _aP126 | ||
| 526 | _aP125 | ||
| 526 | _aP124 | ||
| 526 | _aP123 | ||
| 526 | _aP115 | ||
| 526 | _aP122 | ||
| 526 | _aP121 | ||
| 526 | _aP116 | ||
| 526 | _a P114 | ||
| 526 | _aP112 | ||
| 526 | _aP111 | ||
| 526 | _aP104 | ||
| 526 | _aP103 | ||
| 526 | _aP102 | ||
| 526 | _aP101 | ||
| 526 | _aP100 | ||
| 526 | _aP96 | ||
| 526 | _aP95 | ||
| 526 | _aP93 | ||
| 526 | _aP92 | ||
| 526 | _aP91 | ||
| 526 | _aP88 | ||
| 526 | _aP83 | ||
| 526 | _aP82 | ||
| 526 | _aP79 | ||
| 526 | _aP78 | ||
| 526 | _aP75 | ||
| 526 | _aP74 | ||
| 526 | _aP71 | ||
| 526 | _aP69 | ||
| 526 | _a P51 | ||
| 526 | _aP49 | ||
| 526 | _aP48 | ||
| 526 | _aP47 | ||
| 526 | _aP33 | ||
| 526 | _aP31 | ||
| 526 | _a P30 | ||
| 526 | _aP29 | ||
| 526 | _aP27 | ||
| 526 | _aP26 | ||
| 526 | _aP25 | ||
| 526 | _aP24 | ||
| 526 | _a P22 | ||
| 526 | _aP10 | ||
| 526 | _aP09 | ||
| 526 | _a P08 | ||
| 526 | _aP06 | ||
| 526 | _aP05 | ||
| 526 | _aP04 | ||
| 526 | _aP01 | ||
| 650 | 0 |
_aAdminstración financiera _91215 |
|
| 650 | 0 |
_aNegocios _91216 |
|
| 650 | 0 |
_aAnálisis financiero _91217 |
|
| 942 |
_2ddc _cBK _n0 |
||
| 980 |
_621515 _aDIGNA BRAÑES Analista Documental _81 _gALBERTO SANCHEZ Responsable de Automatización |
||
| 999 |
_c61834 _d61834 |
||